Welcome to CU Library Online Public Access Catalogue (OPAC)

Group counseling : (Record no. 4398)

MARC details
000 -LEADER
fixed length control field 01050cam a2200277 a 4500
001 - CONTROL NUMBER
control field 13857897
005 - DATE AND TIME OF LATEST TRANSACTION
control field 20250226203415.0
008 - FIXED-LENGTH DATA ELEMENTS--GENERAL INFORMATION
fixed length control field 050201s2006 cau b 001 0 eng
020 ## - INTERNATIONAL STANDARD BOOK NUMBER
International Standard Book Number 0534632815
050 00 - LIBRARY OF CONGRESS CALL NUMBER
Classification number BF637.C6
Item number J34 2006
082 00 - DEWEY DECIMAL CLASSIFICATION NUMBER
Classification number 158/.35
Edition information 21
100 1# - MAIN ENTRY--PERSONAL NAME
Personal name Jacobs, Edward E.,
Dates associated with a name 1944-
245 10 - TITLE STATEMENT
Title Group counseling :
Remainder of title strategies and skills /
Statement of responsibility, etc. Ed E. Jacobs, Robert L. Masson, Riley L. Harvill.
250 ## - EDITION STATEMENT
Edition statement 5th ed.
260 ## - PUBLICATION, DISTRIBUTION, ETC.
Place of publication, distribution, etc. Belmont, CA :
Name of publisher, distributor, etc. Thomson/Brooks/Cole,
Date of publication, distribution, etc. c2006.
300 ## - PHYSICAL DESCRIPTION
Extent xvi, 460 p. ;
Dimensions 24 cm.
500 ## - GENERAL NOTE
General note Includes Index
650 #0 - SUBJECT ADDED ENTRY--TOPICAL TERM
Topical term or geographic name entry element Group counseling.
650 #0 - SUBJECT ADDED ENTRY--TOPICAL TERM
Topical term or geographic name entry element Leadership.
700 1# - ADDED ENTRY--PERSONAL NAME
Personal name Masson, Robert L.,
Dates associated with a name 1936-
700 1# - ADDED ENTRY--PERSONAL NAME
Personal name Harvill, Riley L.,
Dates associated with a name 1955-
856 42 - ELECTRONIC LOCATION AND ACCESS
Materials specified Contributor biographical information
Uniform Resource Identifier <a href="http://www.loc.gov/catdir/enhancements/fy1514/2005921578-b.html">http://www.loc.gov/catdir/enhancements/fy1514/2005921578-b.html</a>
856 42 - ELECTRONIC LOCATION AND ACCESS
Materials specified Publisher description
Uniform Resource Identifier <a href="http://www.loc.gov/catdir/enhancements/fy1514/2005921578-d.html">http://www.loc.gov/catdir/enhancements/fy1514/2005921578-d.html</a>
856 41 - ELECTRONIC LOCATION AND ACCESS
Materials specified Table of contents only
Uniform Resource Identifier <a href="http://www.loc.gov/catdir/enhancements/fy1514/2005921578-t.html">http://www.loc.gov/catdir/enhancements/fy1514/2005921578-t.html</a>
942 ## - ADDED ENTRY ELEMENTS (KOHA)
Source of classification or shelving scheme Library of Congress Classification
Koha item type Books
Suppress in OPAC No
999 ## -
-- 4398
-- 4398
Holdings
Withdrawn status Lost status Source of classification or shelving scheme Damaged status Not for loan Collection Home library Current library Shelving location Date acquired Total checkouts Full call number Barcode Date last seen Copy number Price effective from Koha item type
    Library of Congress Classification     Non-fiction Business Library (Miotso) Business Library (Miotso) General stacks 02/26/2025   BF637.C6J3 JAC BSSM00001058 02/26/2025 1 02/26/2025 Books
© 2023-2024 Copyright: Central University Libraries. All Rights Reserved | Created by: Mahone Tech Office